000 00261nam a2200121 i 4500
001 bg
245 1 0 _aZarys maszyn cieplnych.
_nT.3.
260 _aWarszawa,
_c1970.
040 _cBPK
041 _apol
942 _cKS
008 s pl f |000 0 pol
999 _c10590
_d10590
856 _uhttp://koha.tu.koszalin.pl/cgi-bin/koha/opac-detail.pl?biblionumber=10590
_yKatalog online BPK